000 01760cam a2200433 i 4500
001 768714001
003 CO-MdFUSB
005 20210323154700.0
007 ta
008 030617t2003 ilu b 001 0 eng
020 _a9780830818136
040 _aDLC
_beng
_cCO-MdFUSB
_dCO-MdFUSB
_erda
041 _aeng
042 _apcc
082 _223
_a227.8107
_bB366
100 1 _aBeale, G. K.
_d1949-
_eautor
245 1 0 _a1-2 Thessalonians
_c/ G.K. Beale ; editado por D. Stuart Briscoe , Haddon Robinson
246 3 _aFirst-Second Thessalonians.
264 1 _aDowners Grove, IL :
_bInterVarsity Press,
_c[2003]
264 4 _c© 2003
300 _a279 páginas ;
_c23 cm.
336 _atexto
_btxt
_2rdacontent.
337 _asin mediación
_bn
_2rdamedia.
338 _avolumen
_bnc
_2rdacarrier
490 1 _aThe IVP New Testament commentary series ;
504 _aIncluye referencias bibliográficas (páginas 271-279) .
505 0 _aIntroducción a 1-2 Tesalonicenses - Esquema de 1 Tesalonicenses - Esquema de 2 Tesalonicenses - Comentario a 1 Tesalonicenses - Comentario a 2 Tesalonicenses.
520 _aEn este estudio cuidadoso de 1-2 Tesalonicenses, G.K. Beale ofrece una introducción y una exposición pasaje por pasaje que destaca el carácter de "ya y no todavía" de las opiniones de Paul sobre el fin de los tiempos, según la descripción del editor.
563 _aRústico
630 0 7 _aBiblia.
_pTesalonicenses, 1ª
630 0 7 _aBiblia.
_pTesalonicenses, 2ª
630 0 7 _aBiblia
_vComentarios
700 _95043
_aBriscoe, D. Stuart.
_eeditor
700 _92703
_aRobinson, Haddon W.
_eeditor
830 0 _aIVP New Testament commentary series ;
_v13.
942 _cREF
945 _aJTF-925
999 _c66689
_d66689